Optimalizácia používateľského rozhrania webovej aplikácie na zber dát senzorovou sieťou

Saved in:
Bibliographic Details
Main Author: Matúš, Roman (Author)
Other Authors: Baláž, Marcel (Thesis advisor)
Format: Manuscript Book
Language:Slovak
Published: 2023
Subjects:
Online Access:http://is.stuba.sk/zp/portal_zp.pl?podrobnosti=155072
Tags: Add Tag
No Tags, Be the first to tag this record!

MARC

LEADER 00000ntm a22000003a 4500
001 stuzp92468
003 SK-STU
005 20230909213254.3
007 ta
008 150427s2015----xo-----f-mn---000-0-slo-d
040 |a STU  |b slo 
041 0 |a slo 
100 1 |a Matúš, Roman  |u 070400  |4 aut  |U FIIT Fakulta informatiky a informačných technológií  |T FIIT Ústav počítačového inžinierstva a aplikovanej informatiky  |X 103046  |U I400  |Y 672  |7 103046 
242 0 1 |a Optimisation of a web application user interface for data collection with a sensor network  |y eng 
245 1 0 |a Optimalizácia používateľského rozhrania webovej aplikácie na zber dát senzorovou sieťou 
260 |c 2023 
650 4 |a interakcia človeka s počítačom  |2 slo 
650 4 |a dizajn orientovaný na človeka  |2 slo 
650 4 |a používateľská skúsenosť  |2 slo 
650 4 |a optimalizácia používateľského rozhrania  |2 slo 
650 4 |a human centered design  |2 eng 
650 4 |a user experience  |2 eng 
650 4 |a optimisation of user interface  |2 eng 
650 4 |a human-computer interaction  |2 eng 
700 1 |a Baláž, Marcel  |4 ths  |X 38936  |7 A000038936 
856 4 |u http://is.stuba.sk/zp/portal_zp.pl?podrobnosti=155072